00735nam a2200217Ia 4500003000900000008004100009020001800050040001600068080001900084100003200103245008700135260003600222300001400258500004100272650003500313650004100348650001100389942000700400999001700407952009300424IN-BaIIA211028s9999 xx 000 0 eng d a0-12-629805-X cIIA Library a[7]:01:00bSCH aSchroeder, Daniel J.915718 0aAstronomical opticscDaniel J. Schroeder  aSan DiegobAcademic Pressc1987 axii, 352p aAcc.11639 and 12762 are Xerox copies aAstronomical Instruments94304 aAstronomy and Astrophysics Thesaurus aOptics cBK c10728d10728 00104070aBANbBANcGENd1993-08-03l0o535:52/ SCHp11639r2021-11-05w1993-08-03yBK